Les talents des Pokémon de la 1ère génération - Statistiques

Statistiques générales
  • Ce quiz a été pris 266 fois
  • Le résultat moyen est 250 sur 453
Statistiques - réponses
Pokémon Talent 1 % Correct
Dracaufeu | Reptincel | Salamèche Brasier
92%
Abo | Arbok | Arcanin | +3 others Intimidation
92%
Bulbizarre | Florizarre | Herbizarre Engrais
91%
Carabaffe | Carapuce | Tortank Torrent
91%
Ectoplasma | Fantominus | Smogo | +2 others Lévitation
89%
Electhor | Electrode | Elektek | +3 others Statik
86%
Hypocéan | Nidoking | Nidoqueen | +3 others Point Poison
85%
Artikodin | Electhor | Mewtwo | +2 others Pression
85%
Arcanin | Caninos | Feunard | +4 others Torche
85%
Akwakwak | Amonistar | Amonita | +10 others Glissade
81%
Boustiflor | Bulbizarre | Chétiflor | +9 others Chlorophylle
77%
Gravalanch | Grolem | Magnéti | +3 others Fermeté
77%
Galopa | Magmar | Ponyta | Sulfura Corps Ardent
76%
Aquali | Ptitard | Tartard | Tetarte Absorbe-Eau
75%
Voltali Absorbe-Volt
73%
Aspicot | Chenipan | Dodrio | +8 others Fuite
72%
Ossatueur | Osselait | Pikachu | +5 others Paratonnerre
71%
Dracaufeu | Reptincel | Salamèche Force Soleil
68%
Abo | Arbok | Chrysacier | +3 others Mue
67%
Gravalanch | Grolem | Onix | +6 others Tête de Roc
67%
Lokhlass Absorbe-Eau
66%
Grodoudou | Mélodelfe | Mélofée | Rondoudou Joli Sourire
66%
Magneti | Magneton Magnépiège
66%
Lamantine | Otaria | Ronflex Isograisse
65%
Paras | Parasect | Rafflésia Pose Spore
65%
Ectoplasma Corps Maudit
63%
Canarticho | Piafabec | Rapasdepic | +4 others Regard Vif
63%
Feunard | Goupix Sécheresse
63%
Dracoloss Multiécaille
62%
Abra | Alakazam | Kadabra | Mew Synchro
62%
Machoc | Machopeur | Mackogneur | +3 others Cran
61%
Gravalanch | Grolem | Racaillou | +4 others Voile Sable
61%
Excelangue | Flagadoss | Lippoutou | Ramoloss Benêt
59%
Métamorph Imposteur
59%
Mimitoss | Papilusion Oeil Composé
59%
Tygnon Poing de Fer
59%
Dardargnan | Insécateur Essaim
58%
Abo | Arbok | Mewtwo | +3 others Tension
58%
Abra | Alakazam | Canarticho | +8 others Attention
57%
Abra | Alakazam | Kadabra | +2 others Garde Magik
57%
Crustabri | Kokiyas Multi-Coups
56%
Insécateur | M. Mime | Miaouss | Persian Technicien
56%
Carabaffe | Carapuce | Tentacool | +2 others Cuvette
54%
Miaouss Ramassage
54%
Grotadmorv | Tadmorv Toxitouche
54%
Mélodelfe Inconscient
53%
Krabboss | Krabby | Nidoking | +2 others Sans Limite
53%
Evoli Adaptabilité
52%
Léviator | Scarabrute Impudence
52%
Flagadoss | Ramoloss | Saquedeneu Régé-Force
52%
Sabelette | Sablaireau Baigne Sable
49%
Akwakwak | Excelangue | Psykokwak Ciel Gris
49%
Lamantine | Otaria Corps Gel
49%
Hypnomade | Soporifik Insomnia
49%
Akwakwak | Hypocéan | Hypotrempe | +6 others Moiteur
49%
Aquali | Artikodin | Aspicot | +49 others X
49%
Machoc | Machopeur | Mackogneur Annule Garde
48%
Aéromite | Mimitoss | Papilusion Lentiteintée
48%
Voltali Pied Véloce
48%
Amonistar | Amonita | Crustabri | +4 others Coque Armure
47%
Tentacool | Tentacruel Corps Sain
47%
Persian Echauffement
47%
Kicklee | Métamorph Échauffement
47%
Taupiqueur | Triopikeur Piège Sable
47%
Grotadmorv | Ortide | Smogo | +2 others Puanteur
46%
Porygon Télécharge
46%
Leveinard | Stari | Staross Médic Nature
44%
Nidoking | Nidoqueen | Nidoran | +2 others Rivalité
44%
Magnéti | Magnéton | Porygon | +2 others Analyste
43%
Roucarnage | Roucool | Roucoups Coeur de Coq
43%
Taupiqueur | Triopikeur Force Sable
43%
Colossinge | Férosinge | Tauros Colérique
42%
Lippoutou | Paras | Parasect Peau Sèche
42%
Porygon Calque
41%
Aspicot | Chenipan Ecran Poudre
41%
Krabboss | Krabby | Scarabrute Hyper Cutter
41%
Ronflex Vaccin
41%
Mélofée | Rondoudou Garde-Ami
39%
Dardargnan | Hypocéan | Hypotrempe | +2 others Sniper
39%
Tentacool | Tentacruel Suintement
39%
Excelangue | Flagadoss | Ramoloss Tempo Perso
39%
Colossinge | Elektek | Férosinge | Magmar Esprit Vital
38%
Aquali | Lamantine | Lokhlass | Otaria Hydratation
38%
Dodrio | Doduo | Kangourex Matinal
38%
Nidoran | Nidorina | Nidorino | +2 others Agitation
35%
Evoli Anticipation
35%
Kabuto | Kabutops | Ossatueur | Osselait Armurbaston
35%
Boustiflor | Chétiflor | Empiflor | Ronflex Gloutonnerie
35%
Grotadmorv | Tadmorv Glu
35%
Canarticho | Colossinge | Férosinge Acharné
34%
Leveinard Coeur Soin
34%
Dodrio | Doduo | Roucarnage | +2 others Pieds Confus
34%
Electrode | M. Mime | Voltorbe Anti-Bruit
33%
Aéromite Ecran Poudre
33%
Kangourex Querelleur
33%
Artikodin Rideau Neige
33%
Grodoudou | Rondoudou Battant
32%
Nosferalto | Nosferapti Infiltration
32%
Leveinard Sérénité
32%
Kicklee | Rhinocorne | Rhinoféros Téméraire
32%
Amonistar | Amonita | Kabuto | +2 others Armurouillée
30%
Arcanin | Caninos Coeur Noble
30%
Magicarpe Phobique
30%
Electrode | Voltorbe Boom Final
29%
Scarabrute Brise Moule
29%
Saquedeneu Feuille Garde
29%
Stari | Staross Lumiattirance
29%
Hypnomade | Lippoutou | Soporifik Prédiction
29%
Draco | Minidraco Écaille Spéciale
27%
Insécateur | Machoc | Machopeur | Mackogneur Impassible
27%
Noadkoko | Noeunoeuf Récolte
27%
Smogo | Smogogo Gaz Inhibiteur
25%
Kicklee Délestage
24%
Grodoudou Fouille
24%
M. Mime Filtre
23%
Poissirène | Poissoroy Ignifu-Voile
22%
Crustabri | Kokiyas Envelocape
18%
Aéromite Peau Miracle
16%
Aucun quiz correspondant
Distribution des résultats
% des personnes avec chaque résultat
Percentile par nombre de réponses
Votre historique - résultats
Vous n’avez pas pris ce quiz